000 00741nam a2200229 i 4500
001 bg
003 KOSZ 005
005 20191207075201.0
008 s pl f |000 0 pol
040 _cBPK
041 _apol
080 _a531.19:536.75
100 1 _aFeynman, Richard Phillips
_d(1918-1988)
_eAutor
245 0 _aStatistićeskaja mechanika
_bkurs lekcij /
_cRichard P. Feynman ; Perev. s ang.
260 _aMoskwa :
_bIzdat. "Mir",
_c1975.
300 _a407 s., nlb. 1 :
_brys., tabl.
500 _a[Na k. tyt. aut.] : R. Fejnman.
500 _a[Alf. ros.].
504 _a[Zawiera bibliogr.].
856 _uhttp://koha.tu.koszalin.pl/cgi-bin/koha/opac-detail.pl?biblionumber=439
_yKatalog online BPK
942 _cKS
_2UKD
999 _c439
_d439